Black Sea Cities on a Map - Statistics

General Stats
  • This quiz has been taken 1,135 times
  • The average score is 6 of 10
Answers on the Map
Answers color-coded by a green-red scale on the quiz's map according to % correct below.
 
Answer Stats
City % Correct
Odessa
96%
Sevastopol
89%
Varna
76%
Sochi
75%
Constanta
60%
Mariupol
55%
Burgas
54%
Batumi
52%
Samsun
43%
Kerch
38%
No matching quizzes found
Score Distribution
Percent of People with Each Score
Percentile by Number Answered
Your Score History
You have not taken this quiz